000 00487nam a2200181Ia 4500
001 16472
005 20260306170312.0
008 260306t2025||||xx |||||||||||||| ||und||
041 _aESP
082 _a348.6
_bJ54
100 _aJiménez Coronado, Ludmin Gustavo,
_eAUT
245 0 _aManual de regímenes laborales sectoriales :
_banálisis legal y casuística
260 _c2025
300 _a543 páginas :
_c25 cm.
650 _aGEN
654 _aCDE
942 _cLIB
_dJUS
_fJUS
_2ddc
_n
999 _c16472
_d16472